000 00631nam a2200205 a 4500
001 000012750
005 20200929163052.0
008 091116s1972 ve 000 f spa d
040 _aDO-SdBNP
_bspa
_cBNPHU
082 _aV863.42
_bP124g
100 1 _aPadrón, Julián,
_d1910-1954.
_928886
245 1 3 _aLa guaricha /
_cJulián Padrón.
260 _aCaracas :
_bMonte Ávila,
_c1972.
300 _a188 p. ;
_c16 cm.
490 1 _aBiblioteca Popular El Dorado
_v22
650 4 _aNovela venezolana
_93962
650 4 _aLiteratura venezolana
_ySIGLO XX
_99777
830 0 _aBiblioteca Popular El Dorado ;
_v22
_913605
049 _aBNGR
999 _c12401
_d12401